Makroekonomický pohled na daně Svět daní. 7
Keynesiánska teória daní. Automatické a zabudované stabilizátory. Hospodárska situácia v 60. a 70. rokoch a nástup konzervatívnej ekonomiky. Ekonómia strany ponuky. Lafferova krivka. Optimalizácia daní: výnosnosť, spravodlivosť, efektívnosť.
Uložené v:
| Hlavný autor: | |
|---|---|
| Médium: | Kapitola |
| Jazyk: | Czech |
| Predmet: | |
| Tagy: |
Žiadne tagy, Buďte prvý, kto otaguje tento záznam!
|
MARC
| LEADER | 00000naa a2200000 4500 | ||
|---|---|---|---|
| 001 | r025975 | ||
| 005 | 20230920093657.3 | ||
| 041 | 0 | |a cze | |
| 044 | |a CZ | ||
| 245 | 1 | 0 | |a Makroekonomický pohled na daně |b Svět daní. 7 |c Květa Kubátová |
| 520 | |a Keynesiánska teória daní. Automatické a zabudované stabilizátory. Hospodárska situácia v 60. a 70. rokoch a nástup konzervatívnej ekonomiky. Ekonómia strany ponuky. Lafferova krivka. Optimalizácia daní: výnosnosť, spravodlivosť, efektívnosť. | ||
| 610 | 2 | 0 | |a dane |
| 610 | 2 | 0 | |a keynesizmus |
| 610 | 2 | 0 | |a situácia hospodárska |
| 610 | 2 | 0 | |a konzervativizmus |
| 610 | 2 | 0 | |a ekonómia strany ponuky |
| 100 | 1 | |a Kubátová, Květa | |